Memoirs / (Record no. 234080)

000 -LEADER
fixed length control field 00892cam a2200277 i 4500
001 - CONTROL NUMBER
control field 1762281
003 - CONTROL NUMBER IDENTIFIER
control field Nust
005 - DATE AND TIME OF LATEST TRANSACTION
control field 20170313125938.0
008 - FIXED-LENGTH DATA ELEMENTS--GENERAL INFORMATION
fixed length control field 760723s1977 nyu 001 0aeng
010 ## - LIBRARY OF CONGRESS CONTROL NUMBER
LC control number 76027329
020 ## - INTERNATIONAL STANDARD BOOK NUMBER
International Standard Book Number 9798129107786
040 ## - CATALOGING SOURCE
Original cataloging agency DLC
Transcribing agency DLC
Modifying agency DLC
041 1# - LANGUAGE CODE
Language code of text/sound track or separate title engspa
050 00 - LIBRARY OF CONGRESS CALL NUMBER
Classification number PQ8097.N4
Item number Z52313
082 00 - DEWEY DECIMAL CLASSIFICATION NUMBER
Classification number 861
Author Mark NER
100 1# - MAIN ENTRY--PERSONAL NAME
Personal name Neruda, Pablo,
Dates associated with a name 1904-1973.
240 10 - UNIFORM TITLE
Uniform title Confieso que he vivido.
Language of a work English
245 00 - TITLE STATEMENT
Title Memoirs /
Statement of responsibility, etc. Pablo Neruda ; translated from the Spanish by Hardie St. Martin.
250 ## - EDITION STATEMENT
Edition statement 1st ed.
260 ## - PUBLICATION, DISTRIBUTION, ETC.
Place of publication, distribution, etc. New York :
Name of publisher, distributor, etc. Farrar, Straus and Giroux,
Date of publication, distribution, etc. 1977.
300 ## - PHYSICAL DESCRIPTION
Extent 370 p. ;
Dimensions 24 cm.
500 ## - GENERAL NOTE
General note Includes index.
600 10 - SUBJECT ADDED ENTRY--PERSONAL NAME
Personal name Neruda, Pablo,
Dates associated with a name 1904-1973.
650 #0 - SUBJECT ADDED ENTRY--TOPICAL TERM
Topical term or geographic name entry element Poets, Chilean
Chronological subdivision 20th century
General subdivision Biography.
906 ## - LOCAL DATA ELEMENT F, LDF (RLIN)
a 7
b cbc
c orignew
d 1
e ocip
f 19
g y-gencatlg
942 ## - ADDED ENTRY ELEMENTS (KOHA)
Source of classification or shelving scheme
Koha item type Book
Holdings
Withdrawn status Lost status Source of classification or shelving scheme Damaged status Not for loan Collection code Permanent Location Current Location Shelving location Date acquired Total Checkouts Total Renewals Full call number Barcode Date last seen Copy number Price effective from Koha item type
            Central Library (CL) Central Library (CL) Fiction 03/13/2017   3 861 NER CL904 01/10/2023 1 03/13/2017 Book
© 2023 Central Library, National University of Sciences and Technology. All Rights Reserved.